| 000 | 00393nam a22001571a 4500 | ||
|---|---|---|---|
| 020 | _a9788187474838 | ||
| 082 |
_aM 364.374 092 _bPHO/N |
||
| 100 | _aViswambharadas K S (tr.) | ||
| 245 |
_aNjan Phoolandevi/ _cby Phoolan Devi |
||
| 260 |
_aKozhikode: _bOlive, _c2010. |
||
| 300 | _a242p. | ||
| 650 | _aBiography Phoolandevi | ||
| 650 | _aBiography | ||
| 650 | _aSocial Sciences | ||
| 942 | _cBK | ||
| 999 |
_c31665 _d31665 |
||